[Event "LSS ZN-2022-0-04400"]
[Site "LSS email"]
[Date "2022.06.12"]
[Round "?"]
[White "Ventura, Bob"]
[Black "Cook, Paul"]
[Result "1-0"]
[WhiteElo "712"]
[BlackElo "918"]
[PlyCount "39"]
[EventDate "2022.05.26"]
[EventType "match (corr)"]
[EventRounds "2"]
[EventCountry "GER"]
[SourceTitle "Corr 2024"]
[Source "ChessBase"]
[SourceDate "2023.10.19"]
[SourceVersion "1"]
[SourceVersionDate "2023.10.19"]
[SourceQuality "1"]

1. e4 c5 2. Nf3 d6 3. h3 Nf6 4. Nc3 Nc6 5. Bc4 e6 6. a3 d5 7. exd5 exd5 8. Qe2+ Be6 9. Ba2 d4 10. Bxe6 fxe6 11. Ne4 Be7 12. d3 0-0 13. 0-0 h6 14. Nxf6+ Bxf6 15. Qxe6+ Kh8 16. Bf4 Qe8 17. Qg4 Ne5 18. Nxe5 Bxe5 19. Bg3 Rf4 20. Bxf4 1-0

[Event "LSS RN-2022-0-01613"]
[Site "LSS email"]
[Date "2022.06.04"]
[Round "?"]
[White "Molina, Vicente Andres"]
[Black "Cook, Paul"]
[Result "1-0"]
[WhiteElo "834"]
[BlackElo "930"]
[PlyCount "65"]
[EventDate "2022.01.19"]
[EventType "tourn (corr)"]
[EventRounds "6"]
[EventCountry "GER"]
[SourceTitle "Corr 2024"]
[Source "ChessBase"]
[SourceDate "2023.10.19"]
[SourceVersion "1"]
[SourceVersionDate "2023.10.19"]
[SourceQuality "1"]

1. d4 d5 2. f4 Bf5 3. e3 e6 4. Bd3 Nf6 5. Bxf5 exf5 6. Nf3 Ne4 7. 0-0 Bd6 8. Nc3 0-0 9. Nxd5 h6 10. c4 c5 11. Ne5 Bxe5 12. fxe5 Nc6 13. a3 Qg5 14. e6 fxe6 15. Nc7 Qf6 16. Nxa8 Rxa8 17. d5 exd5 18. Qxd5+ Qf7 19. Qxf7+ Kxf7 20. Rxf5+ Kg8 21. Rf4 Ng5 22. e4 Re8 23. Rf5 Nd4 24. Rxc5 Nb3 25. Rxg5 hxg5 26. Rb1 Rxe4 27. Bxg5 Rxc4 28. Rd1 b5 29. Rd7 a5 30. Rb7 b4 31. axb4 Rxb4 32. Rxb4 axb4 33. Be7 1-0

[Event "RN-2021-0-01601"]
[Site "LSS email"]
[Date "2021.01.03"]
[Round "?"]
[White "Bieszk, Stanislaw"]
[Black "Cook, Paul"]
[Result "0-1"]
[WhiteElo "871"]
[BlackElo "948"]
[PlyCount "64"]
[EventDate "2020.09.28"]
[EventType "tourn (corr)"]
[EventRounds "6"]
[EventCountry "GER"]
[SourceTitle "Corr 2022"]
[Source "ChessBase"]
[SourceDate "2021.10.24"]
[SourceVersion "1"]
[SourceVersionDate "2021.10.24"]
[SourceQuality "1"]

1. e4 c5 2. Nf3 d6 3. d4 cxd4 4. Nxd4 Nc6 5. Be3 e5 6. Nb3 Nf6 7. f3 Be7 8. Bb5 0-0 9. Nc3 Bd7 10. Qd2 Rc8 11. 0-0 h6 12. Nd5 Nxd5 13. exd5 Nb8 14. Bxd7 Qxd7 15. Bxa7 Bg5 16. Qd3 b5 17. Bxb8 Rxb8 18. Kh1 Qc7 19. a4 Rfc8 20. axb5 Qxc2 21. Qxc2 Rxc2 22. Rfb1 Rxb5 23. Na5 Rxd5 24. b4 Rb5 25. g3 d5 26. Ra3 e4 27. fxe4 dxe4 28. h4 Be7 29. Rab3 Bd8 30. h5 Rxh5+ 31. Kg1 Bb6+ 32. Kf1 Rh1# 0-1

[Event "RN-2019-0-01524"]
[Site "LSS email"]
[Date "2019.04.06"]
[Round "?"]
[White "Neil, Charles"]
[Black "Cook, Paul"]
[Result "0-1"]
[WhiteElo "463"]
[BlackElo "932"]
[PlyCount "34"]
[EventDate "2019.03.26"]
[EventType "tourn (corr)"]
[EventRounds "6"]
[EventCountry "GER"]
[SourceTitle "Corr 2022"]
[Source "ChessBase"]
[SourceDate "2021.10.24"]
[SourceVersion "1"]
[SourceVersionDate "2021.10.24"]
[SourceQuality "1"]

1. d4 d5 2. c4 dxc4 3. Nc3 a6 4. a4 Nc6 5. e3 Na5 6. Nf3 Nf6 7. Ne5 Be6 8. Be2 g6 9. e4 Bg7 10. d5 Nxe4 11. dxe6 Qxd1+ 12. Nxd1 Bxe5 13. exf7+ Kxf7 14. Be3 c3 15. bxc3 Nxc3 16. 0-0 Nxe2+ 17. Kh1 Bxa1 0-1

[Event "SN-2019-0-00965"]
[Site "LSS email"]
[Date "2019.03.23"]
[Round "?"]
[White "Neil, Charles"]
[Black "Cook, Paul"]
[Result "0-1"]
[WhiteElo "456"]
[BlackElo "1047"]
[PlyCount "66"]
[EventDate "2019.02.10"]
[EventType "tourn (corr)"]
[EventRounds "6"]
[EventCountry "GER"]
[SourceTitle "Corr 2022"]
[Source "ChessBase"]
[SourceDate "2021.10.24"]
[SourceVersion "1"]
[SourceVersionDate "2021.10.24"]
[SourceQuality "1"]

1. d4 d5 2. c4 dxc4 3. Nf3 Nf6 4. Qa4+ Nc6 5. Qxc4 Be6 6. Qa4 Bd7 7. Qd1 e6 8. a3 Bd6 9. Nc3 0-0 10. e4 e5 11. d5 Ne7 12. Bd3 c6 13. 0-0 Rc8 14. Be3 cxd5 15. exd5 Rxc3 16. bxc3 e4 17. Bxe4 Nxe4 18. c4 Nf5 19. Re1 Nxe3 20. Rxe3 f5 21. Qb3 Qc7 22. h3 Rc8 23. Rc1 b5 24. Ree1 bxc4 25. Qd1 Bxa3 26. Ra1 Bc5 27. Rf1 c3 28. Qc2 Bb5 29. Rfc1 Bxf2+ 30. Kh1 Ng3+ 31. Kh2 Nf1+ 32. Kh1 Qh2+ 33. Nxh2 Ng3# 0-1

[Event "ZN-2019-0-03943"]
[Site "LSS email"]
[Date "2019.03.05"]
[Round "?"]
[White "Cook, Paul"]
[Black "Venturas, Bob"]
[Result "0-1"]
[WhiteElo "1023"]
[BlackElo "623"]
[PlyCount "68"]
[EventDate "2019.02.19"]
[EventType "match (corr)"]
[EventRounds "2"]
[EventCountry "GER"]
[SourceTitle "Corr 2022"]
[Source "ChessBase"]
[SourceDate "2021.10.24"]
[SourceVersion "1"]
[SourceVersionDate "2021.10.24"]
[SourceQuality "1"]

1. d4 d5 2. c4 Nc6 3. c5 h6 4. a3 Nf6 5. Nc3 Bf5 6. Nf3 e6 7. Bf4 Be7 8. e3 a6 9. Be2 Ne4 10. Nxe4 Bxe4 11. 0-0 0-0 12. Ne5 Na7 13. Bh5 Nc6 14. Bxf7+ Kh7 15. Bxe6 Bf6 16. Bf5+ Bxf5 17. Qf3 Nxe5 18. dxe5 Be7 19. Rfc1 c6 20. b4 Qe8 21. Qd1 Rd8 22. f3 Qg6 23. Qd4 Be6 24. Ra2 Bg5 25. Bxg5 Qxg5 26. f4 Qg6 27. Rd1 Qf5 28. Rf2 g5 29. Rdf1 g4 30. g3 Qh5 31. Qd1 Bf5 32. h4 Be4 33. a4 Qg6 34. Kh2 Rf5 0-1

[Event "RN-2019-0-01513"]
[Site "LSS email"]
[Date "2019.02.28"]
[Round "?"]
[White "Cook, Paul"]
[Black "Powers Jr, Kevincito"]
[Result "1/2-1/2"]
[WhiteElo "1047"]
[BlackElo "800"]
[PlyCount "67"]
[EventDate "2019.02.15"]
[EventType "tourn (corr)"]
[EventRounds "6"]
[EventCountry "GER"]
[SourceTitle "Corr 2022"]
[Source "ChessBase"]
[SourceDate "2021.10.24"]
[SourceVersion "1"]
[SourceVersionDate "2021.10.24"]
[SourceQuality "1"]

1. e4 c5 2. Nf3 d6 3. d4 cxd4 4. Nxd4 Nf6 5. Bd3 g6 6. 0-0 Bg7 7. Nc3 0-0 8. h3 Nc6 9. Bg5 Nxd4 10. Re1 Nc6 11. Bf4 Be6 12. Bb5 Rc8 13. a4 a6 14. Bxc6 Rxc6 15. Qc1 Qa5 16. Bd2 Qh5 17. Be3 Bxh3 18. gxh3 Qxh3 19. Bf4 Ng4 20. Nd5 Re8 21. Ra3 Qh5 22. Kg2 g5 23. Rh3 Qg6 24. Bxg5 f6 25. Rg3 Qxg5 26. Qxg5 fxg5 27. Rxg4 Rxc2 28. Rxg5 Kf7 29. Rh1 h6 30. Rf5+ Kg8 31. b4 e6 32. Nf6+ Kh8 33. Nxe8 exf5 34. exf5 1/2-1/2

[Event "OP-2019-0-04739"]
[Site "LSS email"]
[Date "2019.02.28"]
[Round "?"]
[White "Cook, Paul"]
[Black "Shim Ng Min, Francis"]
[Result "1/2-1/2"]
[WhiteElo "1020"]
[BlackElo "1269"]
[PlyCount "68"]
[EventDate "2019.02.20"]
[EventType "tourn (corr)"]
[EventRounds "4"]
[EventCountry "GER"]
[SourceTitle "Corr 2022"]
[Source "ChessBase"]
[SourceDate "2021.10.24"]
[SourceVersion "1"]
[SourceVersionDate "2021.10.24"]
[SourceQuality "1"]

1. e4 c5 2. Nf3 e6 3. e5 d6 4. d4 cxd4 5. Qxd4 Nc6 6. Qd1 Nxe5 7. Be2 Nxf3+ 8. Bxf3 Nf6 9. 0-0 Be7 10. Nc3 0-0 11. Re1 d5 12. Bf4 Bd7 13. a4 a6 14. a5 Bc6 15. Be5 Bd6 16. Qd4 Bxe5 17. Rxe5 Qd6 18. Rg5 Qe7 19. Re1 g6 20. Ra1 Ne4 21. Re5 f6 22. Nxd5 Bxd5 23. Qxd5 fxe5 24. Qxe4 Rab8 25. Qxe5 Qf6 26. Qxf6 Rxf6 27. c4 Kf7 28. Re1 Ke7 29. c5 Rf5 30. b4 Rf4 31. Be4 Kd7 32. g3 Rf6 33. Rd1+ Kc7 34. Rd6 Kc8 1/2-1/2

[Event "RF-2019-0-00466"]
[Site "LSS email"]
[Date "2019.02.26"]
[Round "?"]
[White "Cook, Paul"]
[Black "Chura, Michal"]
[Result "0-1"]
[WhiteElo "1047"]
[BlackElo "1213"]
[PlyCount "32"]
[EventDate "2019.01.28"]
[EventType "tourn (corr)"]
[EventRounds "6"]
[EventCountry "GER"]
[SourceTitle "Corr 2022"]
[Source "ChessBase"]
[SourceDate "2021.10.24"]
[SourceVersion "1"]
[SourceVersionDate "2021.10.24"]
[SourceQuality "1"]

1. d4 b5 2. c3 Bb7 3. f3 e6 4. e4 a6 5. Bd3 d5 6. Ne2 c5 7. dxc5 Bxc5 8. Nd4 Nf6 9. 0-0 e5 10. b4 Bb6 11. Be3 exd4 12. cxd4 dxe4 13. fxe4 Nc6 14. e5 Nd5 15. Rf3 Nxe3 16. Rxe3 Bxd4 0-1

[Event "RN-2019-0-01512"]
[Site "LSS email"]
[Date "2019.02.26"]
[Round "?"]
[White "Cook, Paul"]
[Black "Kuttner, Jaromir"]
[Result "0-1"]
[WhiteElo "1047"]
[BlackElo "942"]
[PlyCount "50"]
[EventDate "2019.02.12"]
[EventType "tourn (corr)"]
[EventRounds "6"]
[EventCountry "GER"]
[SourceTitle "Corr 2022"]
[Source "ChessBase"]
[SourceDate "2021.10.24"]
[SourceVersion "1"]
[SourceVersionDate "2021.10.24"]
[SourceQuality "1"]

1. d4 Nf6 2. c4 e6 3. Nc3 c5 4. Nf3 d5 5. e3 Nc6 6. Bd3 dxc4 7. Bxc4 cxd4 8. exd4 Bb4 9. 0-0 0-0 10. Be3 a6 11. a3 Be7 12. Re1 b5 13. d5 exd5 14. Bxd5 Nxd5 15. Nxd5 Bd6 16. Rc1 Bb7 17. Bb6 Qb8 18. Qd3 Ne5 19. Nxe5 Bxe5 20. Rxe5 Qxe5 21. Rd1 Kh8 22. Bc5 Rfd8 23. Bd4 Qxd5 24. Bxg7+ Kg8 25. Qxd5 Rxd5 0-1

[Event "SN-2019-0-00963"]
[Site "LSS email"]
[Date "2019.02.26"]
[Round "?"]
[White "Cook, Paul"]
[Black "Vontina, Maria"]
[Result "1-0"]
[WhiteElo "1047"]
[BlackElo "840"]
[PlyCount "57"]
[EventDate "2019.01.29"]
[EventType "tourn (corr)"]
[EventRounds "6"]
[EventCountry "GER"]
[SourceTitle "Corr 2022"]
[Source "ChessBase"]
[SourceDate "2021.10.24"]
[SourceVersion "1"]
[SourceVersionDate "2021.10.24"]
[SourceQuality "1"]

1. d4 Nf6 2. c4 d5 3. c5 Nc6 4. Nf3 Bg4 5. Nbd2 e5 6. e3 e4 7. h3 exf3 8. hxg4 Nxg4 9. Nxf3 Be7 10. Be2 Nb8 11. 0-0 c6 12. Ne5 Nf6 13. Bh5 Nbd7 14. Qf3 0-0 15. b4 a6 16. Bb2 Nxh5 17. Qxh5 Nf6 18. Qe2 h6 19. a4 Qc7 20. Rac1 Ne4 21. Ng4 Nf6 22. Ne5 Rfe8 23. Qf3 Ne4 24. Qxf7+ Kh8 25. Ng6+ Kh7 26. Nf4 Ng5 27. Qg6+ Kg8 28. Nh5 Bf8 29. Nf6+ 1-0

[Event "IECC CL0-2019.00 email"]
[Site "IECC email"]
[Date "2019.02.26"]
[Round "?"]
[White "Endean, Andrew"]
[Black "Cook, Paul"]
[Result "1-0"]
[WhiteElo "1153"]
[BlackElo "1047"]
[PlyCount "47"]
[EventDate "2019.02.10"]
[EventType "tourn (corr)"]
[EventRounds "4"]
[SourceTitle "Corr 2022"]
[Source "ChessBase"]
[SourceDate "2021.10.24"]
[SourceVersion "1"]
[SourceVersionDate "2021.10.24"]
[SourceQuality "1"]

1. d4 d5 2. c4 dxc4 3. Nc3 Nf6 4. Nf3 Nc6 5. e4 e6 6. Bxc4 Bb4 7. Bg5 0-0 8. e5 h6 9. Bxf6 gxf6 10. exf6 Qxf6 11. 0-0 Bxc3 12. bxc3 e5 13. dxe5 Qg7 14. Qd3 Re8 15. Rfe1 Bg4 16. e6 fxe6 17. Bb5 Rad8 18. Qe3 Bxf3 19. Qxf3 Ne5 20. Qh5 c6 21. Rxe5 cxb5 22. Re3 Kh7 23. Qxb5 Rg8 24. Rg3 1-0

[Event "RN-2019-0-01511"]
[Site "LSS email"]
[Date "2019.02.23"]
[Round "?"]
[White "Cook, Paul"]
[Black "Neuhausen, Rainer"]
[Result "0-1"]
[WhiteElo "1047"]
[BlackElo "931"]
[PlyCount "28"]
[EventDate "2019.02.09"]
[EventType "tourn (corr)"]
[EventRounds "6"]
[EventCountry "GER"]
[SourceTitle "Corr 2022"]
[Source "ChessBase"]
[SourceDate "2021.10.24"]
[SourceVersion "1"]
[SourceVersionDate "2021.10.24"]
[SourceQuality "1"]

1. d4 d5 2. c4 Nf6 3. Nc3 e6 4. Nf3 c5 5. e3 Be7 6. Bd3 Nbd7 7. 0-0 0-0 8. h3 Nb6 9. Re1 Bd7 10. b3 Rc8 11. Ba3 cxd4 12. Nxd4 Bxa3 13. Qf3 Bb2 14. Rab1 Bxc3 0-1

[Event "RN-2019-0-01511"]
[Site "LSS email"]
[Date "2019.02.23"]
[Round "?"]
[White "Venturas, Bob"]
[Black "Cook, Paul"]
[Result "1/2-1/2"]
[WhiteElo "609"]
[BlackElo "1047"]
[PlyCount "70"]
[EventDate "2019.02.09"]
[EventType "tourn (corr)"]
[EventRounds "6"]
[EventCountry "GER"]
[SourceTitle "Corr 2022"]
[Source "ChessBase"]
[SourceDate "2021.10.24"]
[SourceVersion "1"]
[SourceVersionDate "2021.10.24"]
[SourceQuality "1"]

1. e4 c5 2. Nf3 d6 3. h3 g6 4. d4 cxd4 5. Qxd4 Nf6 6. Nc3 Nc6 7. Bb5 Bg7 8. Bxc6+ bxc6 9. 0-0 0-0 10. Bd2 Nd7 11. Qe3 Ba6 12. a3 Bxf1 13. Rxf1 Ne5 14. Nh2 e6 15. Kh1 Nc4 16. Qd3 d5 17. f3 Rb8 18. b4 Nb2 19. Qe2 Qb6 20. Nd1 Nxd1 21. Qxd1 Rbd8 22. Qc1 dxe4 23. Be3 Qc7 24. fxe4 f5 25. exf5 exf5 26. Nf3 f4 27. Bc5 Rfe8 28. Rd1 Rxd1+ 29. Qxd1 a5 30. Qd2 Rd8 31. Qf2 Rd1+ 32. Kh2 Be5 33. Qe2 Rd5 34. c4 Rxc5 35. bxc5 Bf6 1/2-1/2

[Event "ZN-2019-0-03940"]
[Site "LSS email"]
[Date "2019.02.21"]
[Round "?"]
[White "Churyaev, Aleksej"]
[Black "Cook, Paul"]
[Result "1-0"]
[WhiteElo "854"]
[BlackElo "1047"]
[PlyCount "57"]
[EventDate "2019.02.14"]
[EventType "match (corr)"]
[EventRounds "2"]
[EventCountry "GER"]
[SourceTitle "Corr 2022"]
[Source "ChessBase"]
[SourceDate "2021.10.24"]
[SourceVersion "1"]
[SourceVersionDate "2021.10.24"]
[SourceQuality "1"]

1. Nf3 d5 2. e3 Nf6 3. h3 Nc6 4. Bb5 a6 5. Bxc6+ bxc6 6. b3 g6 7. Bb2 Bg7 8. d4 0-0 9. Nbd2 Bf5 10. Rc1 Ne4 11. Nxe4 dxe4 12. Nd2 e6 13. g4 Bxg4 14. hxg4 Re8 15. Nxe4 Rb8 16. Qf3 f5 17. Nc5 Rb5 18. c3 e5 19. Kf1 e4 20. Qh3 Qf6 21. Qxh7+ Kf7 22. Qh4 Qxh4 23. Rxh4 g5 24. Rh5 Kg6 25. Kg2 fxg4 26. Rh2 a5 27. c4 Rb6 28. Rch1 a4 29. Nxa4 1-0

[Event "SN-2019-0-00962"]
[Site "LSS email"]
[Date "2019.02.21"]
[Round "?"]
[White "Cook, Paul"]
[Black "Neumann, Otto"]
[Result "1-0"]
[WhiteElo "1047"]
[BlackElo "958"]
[PlyCount "43"]
[EventDate "2019.01.23"]
[EventType "tourn (corr)"]
[EventRounds "6"]
[EventCountry "GER"]
[SourceTitle "Corr 2022"]
[Source "ChessBase"]
[SourceDate "2021.10.24"]
[SourceVersion "1"]
[SourceVersionDate "2021.10.24"]
[SourceQuality "1"]

1. d4 Nf6 2. Nc3 g6 3. e4 Bg7 4. e5 Ng8 5. Nf3 d6 6. Bd3 dxe5 7. dxe5 e6 8. 0-0 Ne7 9. h3 Nbc6 10. Re1 0-0 11. b3 a6 12. Be3 Nxe5 13. Nxe5 Bxe5 14. Bh6 Bg7 15. Bxg7 Kxg7 16. Qf3 Rb8 17. Ne4 f5 18. Ng5 Qd6 19. Rad1 Qb6 20. Bc4 Rf6 21. Qc3 e5 22. Rxe5 1-0

[Event "IECC CL0-2019.00 email"]
[Site "IECC email"]
[Date "2019.02.16"]
[Round "?"]
[White "Stadler, Pavel"]
[Black "Cook, Paul"]
[Result "1-0"]
[WhiteElo "1203"]
[BlackElo "1047"]
[PlyCount "45"]
[EventDate "2019.01.03"]
[EventType "tourn (corr)"]
[EventRounds "4"]
[SourceTitle "Corr 2022"]
[Source "ChessBase"]
[SourceDate "2021.10.24"]
[SourceVersion "1"]
[SourceVersionDate "2021.10.24"]
[SourceQuality "1"]

1. c4 e5 2. Nc3 d6 3. g3 Nf6 4. Bg2 Be7 5. e3 0-0 6. Nge2 h6 7. 0-0 Be6 8. b3 Nc6 9. d4 exd4 10. exd4 d5 11. Bb2 Bb4 12. c5 b6 13. a3 Bxc3 14. Bxc3 Ne4 15. b4 Qf6 16. Bb2 Ng5 17. Nf4 Rae8 18. Nxd5 Bxd5 19. Bxd5 Nh3+ 20. Kg2 Rd8 21. Bxc6 Qxc6+ 22. Kxh3 bxc5 23. bxc5 1-0